000 00582nam a2200169 a 4500
001 000047513
005 20201002060600.0
008 090903s2000 dr a 001 0 spa d
040 _aDO-SdBNP
_bspa
_cBNPHU
082 _axxx
_bL581b
100 1 _aLeonardo de Nuñez, Reina
_919078
245 1 0 _aBrindis poético :
_b¡500 pensamientos para la juventud de hoy y los hombres de mañana! /
_cReina Leonardo de Nuñez.
260 _aSanto Domingo, :
_bMediabyte,
_c2000.
300 _a71 p. :
_bil ;
_c22 cm.
590 _aInventariado, 2018/ YL
700 1 _aBáez, Gloria
_eprólogo
_919079
999 _c47001
_d47001